<?xml version="1.0" encoding="UTF-8"?><?xml-stylesheet type="text/xsl" href="static/style.xsl"?><OAI-PMH xmlns="http://www.openarchives.org/OAI/2.0/" xmlns:xsi="http://www.w3.org/2001/XMLSchema-instance" xsi:schemaLocation="http://www.openarchives.org/OAI/2.0/ http://www.openarchives.org/OAI/2.0/OAI-PMH.xsd"><responseDate>2026-04-29T04:09:17Z</responseDate><request verb="GetRecord" identifier="oai:repisalud.isciii.es:20.500.12105/6625" metadataPrefix="marc">https://repisalud.isciii.es/rest/oai/request</request><GetRecord><record><header><identifier>oai:repisalud.isciii.es:20.500.12105/6625</identifier><datestamp>2025-05-26T15:04:05Z</datestamp><setSpec>com_20.500.12105_2052</setSpec><setSpec>com_20.500.12105_2051</setSpec><setSpec>col_20.500.12105_19608</setSpec><setSpec>col_20.500.12105_19619</setSpec></header><metadata><record xmlns="http://www.loc.gov/MARC21/slim" xmlns:dcterms="http://purl.org/dc/terms/" xmlns:doc="http://www.lyncode.com/xoai" xmlns:xsi="http://www.w3.org/2001/XMLSchema-instance" xsi:schemaLocation="http://www.loc.gov/MARC21/slim http://www.loc.gov/standards/marcxml/schema/MARC21slim.xsd">
   <leader>00925njm 22002777a 4500</leader>
   <datafield ind2=" " ind1=" " tag="042">
      <subfield code="a">dc</subfield>
   </datafield>
   <datafield ind2=" " ind1=" " tag="720">
      <subfield code="a">Pedro-Cuesta, Jesus de</subfield>
      <subfield code="e">author</subfield>
   </datafield>
   <datafield ind2=" " ind1=" " tag="720">
      <subfield code="a">Garcia-Sagredo, Pilar</subfield>
      <subfield code="e">author</subfield>
   </datafield>
   <datafield ind2=" " ind1=" " tag="720">
      <subfield code="a">Alcalde-Cabero, Enrique</subfield>
      <subfield code="e">author</subfield>
   </datafield>
   <datafield ind2=" " ind1=" " tag="720">
      <subfield code="a">Alberquilla, Angel</subfield>
      <subfield code="e">author</subfield>
   </datafield>
   <datafield ind2=" " ind1=" " tag="720">
      <subfield code="a">Damian, Javier</subfield>
      <subfield code="e">author</subfield>
   </datafield>
   <datafield ind2=" " ind1=" " tag="720">
      <subfield code="a">Bosca, Graciela</subfield>
      <subfield code="e">author</subfield>
   </datafield>
   <datafield ind2=" " ind1=" " tag="720">
      <subfield code="a">López-Rodríguez, Fernando</subfield>
      <subfield code="e">author</subfield>
   </datafield>
   <datafield ind2=" " ind1=" " tag="720">
      <subfield code="a">Carmona, Montserrat</subfield>
      <subfield code="e">author</subfield>
   </datafield>
   <datafield ind2=" " ind1=" " tag="720">
      <subfield code="a">Tena-Davila, Maria José de</subfield>
      <subfield code="e">author</subfield>
   </datafield>
   <datafield ind2=" " ind1=" " tag="720">
      <subfield code="a">García-Olmos, Luis</subfield>
      <subfield code="e">author</subfield>
   </datafield>
   <datafield ind2=" " ind1=" " tag="720">
      <subfield code="a">Hernandez-Salvador, Carlos</subfield>
      <subfield code="e">author</subfield>
   </datafield>
   <datafield ind2=" " ind1=" " tag="260">
      <subfield code="c">2013-10-31</subfield>
   </datafield>
   <datafield ind2=" " ind1=" " tag="520">
      <subfield code="a">BACKGROUND: Little is known about changes in disability over time among community-dwelling patients. Accordingly, this study sought to assess medium-term disability transitions. PATIENTS AND METHODS: 300 chronic obstructive pulmonary disease (COPD), chronic heart failure and stroke patients living at home in Madrid were selected from general practitioner lists. In 2009, disability was assessed after a mean of 30 months using the World Health Organisation (WHO) Disability Assessment Schedule 2.0 (WHODAS 2.0). Follow-up was completed using death registries. Losses to follow-up were due to: death, 56; institutionalisation, 9; non-location, 18; and non-participation, 17. Changes in WHODAS 2.0 scores and life status were described and analysed using Cox and multinomial regression. Disability at end of follow-up was imputed for 56 deceased and 44 surviving patients. RESULTS: Mean disability scores for 200 surviving patients at end of follow-up were similar to baseline scores for the whole group, higher than their own baseline scores, and rose by 16.3% when imputed values were added. The strongest Cox predictors of death were: age over 84 years, adjusted hazard ratios with 95%CI 8.18 (3.06-21.85); severe/complete vs. no/mild disability, 5.18 (0.68-39.48); and stroke compared to COPD, 1.40 (0.67-2.91). Non-participants and institutionalised patients had higher proportions with severe/complete baseline disability. A one-point change in baseline WHODAS 2.0 score predicted independent increases in risk of 12% (8%-15%) for severe/complete disability or death. CONCLUSIONS: A considerably high proportion of community-dwelling patients diagnosed with COPD, CHF and stroke undergo medium-term changes in disability or vital status. The main features of the emerging pattern for this group appear to be as follows: approximately two-thirds of patients continue living at home with moderately reduced functional status; 1/3 die or worsen to severe/complete disability; and 1/10 improve. Baseline disability scores, age and diagnosis are associated with disability and death in the medium term.</subfield>
   </datafield>
   <datafield ind1="8" ind2=" " tag="024">
      <subfield code="a">PLoS One. 2013; 8(10): e77482.</subfield>
   </datafield>
   <datafield ind1="8" ind2=" " tag="024">
      <subfield code="a">1932-6203</subfield>
   </datafield>
   <datafield ind1="8" ind2=" " tag="024">
      <subfield code="a">http://hdl.handle.net/20.500.12105/6625</subfield>
   </datafield>
   <datafield ind1="8" ind2=" " tag="024">
      <subfield code="a">24391687</subfield>
   </datafield>
   <datafield ind1="8" ind2=" " tag="024">
      <subfield code="a">10.1371/journal.pone.0077482</subfield>
   </datafield>
   <datafield ind1="8" ind2=" " tag="024">
      <subfield code="a">1932-6203</subfield>
   </datafield>
   <datafield ind1="8" ind2=" " tag="024">
      <subfield code="a">PLoS ONE</subfield>
   </datafield>
   <datafield ind2="0" ind1="0" tag="245">
      <subfield code="a">Disability transitions after 30 months in three community-dwelling diagnostic groups in Spain</subfield>
   </datafield>
</record></metadata></record></GetRecord></OAI-PMH>